Statistics for Giants in The BFG

Click here to take the quiz!

General Stats

  • This quiz has been taken 19 times
  • The average score is 7 of 9

Answer Stats

HintAnswer% Correct
CThe Childchewer
86%
BThe Bloodbottler
79%
BThe Butcher Boy
79%
MThe Manhugger
79%
BThe Bonecruncher
71%
GThe Gizzardgulper
71%
MThe Meatdripper
71%
FThe Fleshlumpeater
64%
MThe Maidmasher
64%

Score Distribution

Percentile by Number Answered

Percent of People with Each Score

Your Score History

You have not taken this quiz